[Event "Detroit (Class C/4/20)"]
[Site "?"]
[Date "1994.??.??"]
[Round "?"]
[White "Brown, W."]
[Black "Gregg, Ted"]
[Result "1-0"]
[WhiteElo "1605"]
[BlackElo "1605"]
[PlyCount "93"]
[EventDate "1994.??.??"]

{4/(20)} 1. e4 e5 2. Nf3 Nc6 3. Bc4 Bc5 4. O-O Nf6 5. d3 O-O 6. c3 d6 7. b4 Bb6
8. a4 a6 9. Nbd2 Bd7 10. a5 Ba7 11. h3 Ne7 12. Re1 c5 13. Ba3 Rc8 14. Nb3 b5
15. axb6 Bxb6 16. Bxa6 Ra8 17. b5 Bc8 18. Bxc8 Qxc8 19. c4 Qb7 20. Bc1 Rxa1 21.
Nxa1 Ba5 22. Bd2 Ra8 23. Nb3 Bxd2 24. Qxd2 Ra3 25. Qb2 Qa8 26. Ra1 Rxa1+ 27.
Qxa1 Qxa1+ 28. Nxa1 Nd7 29. Nb3 f5 30. Ng5 Nb6 31. f3 g6 32. Na5 h6 33. Ne6
Nec8 34. exf5 gxf5 35. g4 fxg4 36. hxg4 Kf7 37. Nd8+ Kf6 38. Kf2 Ke7 39. Ndb7
Nd7 40. Ke3 Nf8 41. Ke4 Ne6 42. Nc6+ Kd7 43. Kf5 Nf4 44. Nxc5+ dxc5 45. Nxe5+
Kd6 46. Kxf4 Ne7 47. Nf7+ 1-0

[Event "Flint (MI Senior/1/7)"]
[Site "?"]
[Date "1994.??.??"]
[Round "?"]
[White "Brown, Ralph"]
[Black "Rosebrook, G."]
[Result "1-0"]
[WhiteElo "1665"]
[BlackElo "1605"]
[PlyCount "37"]
[EventDate "1994.??.??"]

{1/(7)} 1. d4 Nf6 2. c4 d6 3. Nc3 g6 4. Bg5 Bg7 5. Qd2 Nc6 6. Nf3 a6 7. h3 Bd7
8. e4 Qc8 9. Rd1 e6 10. Bh6 Bxh6 11. Qxh6 Ke7 12. e5 Ne8 13. Ne4 dxe5 14. dxe5
Nb4 15. Qd2 Nc6 16. Nc5 Nd6 17. exd6+ Ke8 18. dxc7 Qxc7 19. Qxd7+ 1-0

[Event "Flint (MI Senior/3/5)"]
[Site "?"]
[Date "1994.??.??"]
[Round "?"]
[White "Brown, Ralph"]
[Black "Gregg, Ted"]
[Result "1/2-1/2"]
[WhiteElo "1665"]
[BlackElo "1605"]
[PlyCount "74"]
[EventDate "1994.??.??"]

{3/(5)} 1. d4 d5 2. c4 Nf6 3. Nc3 e6 4. Nf3 Nbd7 5. Bg5 c6 6. e4 Qa5 7. Bd2 Bb4
8. a3 Bxc3 9. Bxc3 Qc7 10. e5 Ne4 11. Rc1 Nxc3 12. Rxc3 O-O 13. Qc2 c5 14. Ng5
g6 15. Rh3 cxd4 16. Nxh7 Qxe5+ 17. Qe2 Rd8 18. Qxe5 Nxe5 19. cxd5 Kg7 20. Ng5
Rxd5 21. f4 Ng4 22. Rh7+ Kg8 23. h3 Ne3 24. Rh6 e5 25. fxe5 Bf5 26. g4 Bc2 27.
Kd2 Ba4 28. Bd3 Be8 29. Nf3 Kg7 30. g5 Bc6 31. Rc1 Rdd8 32. Nxd4 Rxd4 33. Kxe3
Rad8 34. Rc3 R4d5 35. Rh4 Rxe5+ 36. Be4 Bxe4 37. Rxe4 Rxe4+ 1/2-1/2

[Event "Grand Rapids (MI Am/2/17)"]
[Site "?"]
[Date "1994.??.??"]
[Round "?"]
[White "Brown, Dan"]
[Black "Klein, N."]
[Result "1-0"]
[WhiteElo "1815"]
[BlackElo "1605"]
[PlyCount "63"]
[EventDate "1994.??.??"]

{2/(17)} 1. e4 e5 2. Nf3 Nc6 3. Bc4 Nf6 4. Ng5 d6 5. Nxf7 Qd7 6. Nxh8 Nxe4 7.
d3 Qf5 8. O-O g6 9. dxe4 Qxe4 10. Bf7+ Ke7 11. Bg5+ Kd7 12. Nc3 Qf5 13. f4 Be7
14. Bxe7 Kxe7 15. fxe5 Qxe5 16. Re1 Be6 17. Rxe5 Nxe5 18. Bxe6 Kxe6 19. Qd5+
Ke7 20. Nxg6+ Nxg6 21. Qxb7 Rf8 22. Qxc7+ Ke6 23. Re1+ Ne5 24. Ne4 Rg8 25.
Qxd6+ Kf5 26. Ng3+ Rxg3 27. Qxe5+ Kg6 28. Qxg3+ Kf6 29. Qf4+ Kg7 30. Re7+ Kg6
31. h4 h6 32. Qf7# 1-0

[Event "Grand Rapids (MI Am/4/2)"]
[Site "?"]
[Date "1994.??.??"]
[Round "?"]
[White "Brown, Dan"]
[Black "Estlick, Laurence"]
[Result "0-1"]
[WhiteElo "1815"]
[BlackElo "1840"]
[PlyCount "104"]
[EventDate "1994.??.??"]

{4/(2)} 1. e4 e6 2. d4 d5 3. e5 c5 4. c3 Nc6 5. f4 Qb6 6. Nf3 Nh6 7. Bd3 Bd7 8.
Bc2 Rc8 9. O-O cxd4 10. cxd4 Nb4 11. Ba4 {[Not the bishop White should be
trading off.]} Bxa4 12. Qxa4+ Qc6 13. Qxc6+ Rxc6 14. Nc3 Nd3 (14... Nc2 15. Rb1
Nf5 16. Rd1 Rc4 17. Ne2 h5) 15. Rd1 Nxc1 16. Raxc1 Be7 17. Nb5 a6 18. Rxc6 bxc6
19. Nc7+ {[Tempting, but it leads to bigger problems than he is able to solve.]
} Kd7 20. Nxa6 Ra8 21. Nc5+ Bxc5 $1 22. dxc5 Rxa2 {[Black is better situated
in the ending; White's advanced pawns are vulnerable, and the d-pawn a
long-term asset.]} 23. Rb1 f6 24. b4 Nf5 25. Rb3 h5 {[Maintaining his knight;
White has no good square for his.]} 26. g3 Kc7 27. exf6 gxf6 28. b5 $2 {[He
could only sit tight and hope for the best.]} cxb5 29. Rxb5 Ra6 30. Kf2 Kc6 31.
Rb6+ Rxb6 32. cxb6 Kxb6 33. h3 Kc5 34. g4 hxg4 35. hxg4 Nd4 36. Nd2 Kd6 37. Ke3
e5 38. Nf1 Ne6 39. fxe5+ fxe5 40. Nd2 Ng5 41. Nb3 Ne6 42. Kd3 e4+ 43. Ke3 Ke5
44. Nd2 d4+ 45. Ke2 Kf4 46. Nc4 Kxg4 47. Kf2 Kf4 48. Ke2 Nc5 49. Ke1 e3 50. Kd1
d3 51. Kc1 Ne4 52. Kd1 d2 0-1

[Event "Ann Arbor (HVA/3/6)"]
[Site "?"]
[Date "1994.??.??"]
[Round "?"]
[White "Brotherton, D."]
[Black "Van Stavoren, J."]
[Result "1-0"]
[WhiteElo "1605"]
[BlackElo "1605"]
[PlyCount "105"]
[EventDate "1994.??.??"]

{3/(6)} 1. d4 d6 2. Nf3 Nf6 3. Bg5 e6 4. Nbd2 Be7 5. e4 h6 6. Bxf6 Bxf6 7. e5
dxe5 8. dxe5 Bg5 9. Bd3 Nc6 10. Qe2 Nd4 11. Nxd4 Bxd2+ 12. Kxd2 Qxd4 13. c3
Qf4+ 14. Qe3 Qa4 15. Rhd1 Bd7 16. Qe4 Qxe4 17. Bxe4 O-O-O 18. Ke3 Ba4 19. b3
Rxd1 20. Rxd1 Bd7 21. Bxb7+ Kxb7 22. Rxd7 Rf8 23. Kd3 Kc6 24. Rd4 f5 25. f4 g5
26. fxg5 hxg5 27. h3 Rb8 28. Ra4 Rb7 29. Rd4 Rb8 30. Ke2 Rh8 31. Rd3 Rf8 32. b4
a6 33. c4 Rb8 34. Rb3 Rb7 35. a4 Rb8 36. Ke3 Rb7 37. Kd4 Rb8 38. b5+ axb5 39.
cxb5+ Kb6 40. Kc4 Ra8 41. Kb4 Ra5 42. Rc3 Ra8 43. Rc6+ Kb7 44. Rxe6 Rd8 45. Rc6
Rd2 46. g3 Rd3 47. Rc3 Rxc3 48. Kxc3 f4 49. gxf4 gxf4 50. Kd4 f3 51. Ke3 c5 52.
bxc6+ Kxc6 53. Kxf3 1-0

[Event "Ann Arbor (MLS Jul-Aug)"]
[Site "?"]
[Date "1994.??.??"]
[Round "?"]
[White "Brotherton, D."]
[Black "Rajlich, Vasik"]
[Result "0-1"]
[WhiteElo "1605"]
[BlackElo "2130"]
[PlyCount "33"]
[EventDate "1994.??.??"]

1. d4 d5 2. Nf3 Nf6 3. Bg5 Ne4 4. Bh4 f6 5. Nc3 g5 6. Bg3 h5 7. h3 Nxg3 8. fxg3
Qd6 9. Kd2 Bf5 10. e3 Nc6 11. a3 O-O-O 12. Qe1 Bh6 13. Qf2 g4 14. Ne5 fxe5 15.
Qxf5+ e6 16. dxe5 Nxe5 17. Qf2 0-1

[Event "Ann Arbor (MLS Jul-Aug)"]
[Site "?"]
[Date "1994.??.??"]
[Round "?"]
[White "Brotherton, D."]
[Black "Kung, Fred"]
[Result "0-1"]
[WhiteElo "1605"]
[BlackElo "1905"]
[PlyCount "106"]
[EventDate "1994.??.??"]

1. d4 d5 2. Nf3 Nf6 3. Bg5 Nbd7 4. Nbd2 c5 5. e3 b6 6. c3 Bb7 7. Bd3 g6 8. Qe2
Bg7 9. Bxf6 exf6 10. e4 O-O 11. Ba6 Bxa6 12. Qxa6 dxe4 13. Ng1 cxd4 14. cxd4
Rc8 15. Qxa7 Ra8 16. Qb7 Qe7 17. Ne2 f5 18. O-O Rfb8 19. Qd5 Nf6 20. Qb3 Qd6
21. Nc4 Qe6 22. Nd2 Qxb3 23. Nxb3 Rc8 24. Nc3 Ne8 25. Nd5 Rc2 26. Rfb1 Rb8 27.
Ne3 Rc7 28. Nd5 Rd7 29. Nb4 Rc8 30. Rd1 Rc4 31. a3 Bxd4 32. Rd2 Nc7 33. Rad1
Ne6 34. Kf1 Kf8 35. Nc2 Ke8 36. Ncxd4 Nxd4 37. Nxd4 Rc5 38. Nb3 Rxd2 39. Rxd2
Rb5 40. Nd4 Rc5 41. Rc2 Rd5 42. Rc4 Kd7 43. Ke2 Kd8 44. Ke3 Kd7 45. Ke2 Kd8 46.
Rb4 Kd7 47. Ke3 h6 48. Rxb6 Rc5 49. Rf6 Ke7 50. Rc6 Rd5 51. Rc1 Kd6 52. b4 Ke5
53. Ne2 Rd3# 0-1

[Event "Jackson (Prison m/Oct)"]
[Site "?"]
[Date "1994.??.??"]
[Round "?"]
[White "Brotherton, D."]
[Black "Koneczko, D."]
[Result "0-1"]
[WhiteElo "1605"]
[BlackElo "1605"]
[PlyCount "112"]
[EventDate "1994.??.??"]

1. d4 d5 2. Nf3 Bf5 3. c3 e6 4. Bf4 Nf6 5. Nbd2 c5 6. e3 a6 7. a4 Nc6 8. Be2
Be7 9. O-O O-O 10. Re1 Rc8 11. Nf1 h6 12. Ng3 Be4 13. Nxe4 Nxe4 14. Bd3 f5 15.
Ne5 Nxe5 16. Bxe5 Ng5 17. a5 Nf7 18. Bg3 c4 19. Bf1 Bd6 20. b3 Bxg3 21. hxg3
Nd6 22. b4 b5 23. axb6 Qxb6 24. Qa4 Ra8 25. Qa5 Qb5 26. Ra3 Rf7 27. Rea1 Rfa7
28. Be2 Qxa5 29. Rxa5 Ne4 30. Rc1 Rb8 31. Bd1 Rb5 32. Ra2 g5 33. Ba4 Rbb7 34.
Bc6 Rc7 35. Be8 Kf8 36. Bh5 g4 37. Kh2 Nf6 38. Bg6 Kg7 39. Bxf5 exf5 40. Rca1
Ne4 41. Ra3 Kf6 42. Kg1 Rcb7 43. Rxa6+ Rxa6 44. Rxa6+ Kg5 45. f3 gxf3 46. gxf3
Nxg3 47. Kg2 Ne2 48. Ra3 h5 49. Kf2 Nc1 50. Ra6 h4 51. Kg2 Ne2 52. Ra3 Nxc3 53.
Rxc3 Rxb4 54. Rc2 Rb3 55. Re2 c3 56. Rc2 Rb2 0-1

[Event "Ann Arbor (HVA/4/4)"]
[Site "?"]
[Date "1994.??.??"]
[Round "?"]
[White "Brotherton, D."]
[Black "Bemben, R."]
[Result "1/2-1/2"]
[WhiteElo "1605"]
[BlackElo "1830"]
[PlyCount "47"]
[EventDate "1994.??.??"]

{4/(4)} 1. d4 f5 2. e4 fxe4 3. Nc3 Nf6 4. Bg5 Nc6 5. Bxf6 exf6 6. Qh5+ g6 7.
Qd5 Bb4 8. Qxe4+ Qe7 9. Qxe7+ Kxe7 10. Nf3 d5 11. O-O-O Bxc3 12. bxc3 Be6 13.
Re1 Kf7 14. Re3 Na5 15. Bd3 Rhe8 16. Rhe1 Bd7 17. Nd2 Rxe3 18. Rxe3 Re8 19.
Rxe8 Kxe8 20. c4 Be6 21. c5 b6 22. cxb6 axb6 23. c3 Kd7 24. h4 1/2-1/2

[Event "Detroit (MCO/DEU/2a/12)"]
[Site "?"]
[Date "1994.??.??"]
[Round "?"]
[White "Brooks, R."]
[Black "Mahabir, Jagdesh"]
[Result "1/2-1/2"]
[WhiteElo "1605"]
[BlackElo "1605"]
[PlyCount "85"]
[EventDate "1994.??.??"]

1. e4 d6 2. Nf3 Nf6 3. Nc3 g6 4. Bc4 Bg7 5. d3 c5 6. O-O Nc6 7. Nd5 Na5 8. Bb5+
Nc6 9. Bd2 a6 10. Bc4 Nxd5 11. Bxd5 Bxb2 12. Rb1 Bg7 13. Re1 Nb4 14. a3 Nxd5
15. exd5 O-O 16. c4 e6 17. dxe6 Bxe6 18. Rxb7 Rb8 19. Qb3 Rxb7 20. Qxb7 Bc8 21.
Qc6 Qd7 22. Qxd7 Bxd7 23. Bf4 Be5 24. Bxe5 dxe5 25. Nxe5 Re8 26. Nf3 Rxe1+ 27.
Nxe1 Bf5 28. f3 h5 29. h4 Kg7 30. Kf2 Kf6 31. Ke3 Ke5 32. Nc2 a5 33. f4+ Kd6
34. Na1 Kc6 35. Nb3 a4 36. Nd2 Kd6 37. Nf3 f6 38. d4 Be6 39. d5 Bf5 40. Nd2 Bc2
41. Ne4+ Bxe4 42. Kxe4 f5+ 43. Kf3 1/2-1/2

[Event "Detroit (MCO/DEU/3a/11)"]
[Site "?"]
[Date "1994.??.??"]
[Round "?"]
[White "Brooks, R."]
[Black "Fuson, R."]
[Result "1/2-1/2"]
[WhiteElo "1605"]
[BlackElo "1605"]
[PlyCount "119"]
[EventDate "1994.??.??"]

1. e4 e5 2. Nf3 Nc6 3. Bc4 Bc5 4. d3 Nf6 5. Ng5 O-O 6. O-O h6 7. Nf3 d5 8. exd5
Nxd5 9. Re1 Re8 10. Bd2 Bg4 11. Nc3 Nxc3 12. Bxc3 Bxf3 13. Qxf3 Qf6 14. Qxf6
gxf6 15. Re4 h5 16. Rh4 Nd4 17. Bxd4 Bxd4 18. Rb1 Kg7 19. Rxh5 Kg6 20. Rh3 f5
21. c3 Bc5 22. Bd5 c6 23. Bf3 e4 24. Bh5+ Kf6 25. d4 Bd6 26. Be2 Rh8 27. Re3
Bxh2+ 28. Kf1 Bf4 29. Rh3 Rxh3 30. gxh3 Rg8 31. b4 Bh2 32. Ke1 Rg1+ 33. Bf1 f4
34. a4 e3 35. f3 Bg3+ 36. Ke2 Kg5 37. b5 f5 38. bxc6 bxc6 39. a5 Bh4 40. a6 Rh1
41. Rb7 Rh2+ 42. Kd3 Rd2+ 43. Kc4 e2 44. Bxe2 Rxe2 45. Rxa7 Ra2 46. Kc5 Bf2 47.
Kxc6 Kh4 48. d5 Bxa7 49. Kb7 Be3 50. d6 Rd2 51. Kc7 Kxh3 52. d7 Rxd7+ 53. Kxd7
Kg3 54. Kc6 Kxf3 55. c4 Ke4 56. Kd6 f3 57. c5 f2 58. a7 Bxc5+ 59. Kxc5 f1=Q 60.
a8=Q+ 1/2-1/2

[Event "Detroit (MI Op/4/18)"]
[Site "?"]
[Date "1994.??.??"]
[Round "?"]
[White "Brooks, John"]
[Black "Turner, Keita"]
[Result "1-0"]
[WhiteElo "2225"]
[BlackElo "1820"]
[PlyCount "41"]
[EventDate "1994.??.??"]

{4/(18)} 1. d4 Nf6 2. c4 g6 3. Nc3 Bg7 4. e4 d6 5. f3 O-O 6. Be3 c5 7. Nge2
Nbd7 8. Qd2 cxd4 9. Nxd4 Nc5 10. Be2 a6 11. O-O e5 12. Nc2 Ne6 13. Rad1 Ne8 14.
c5 f5 15. cxd6 f4 16. Bf2 Nf6 17. Nb4 Rf7 18. Nbd5 Bf8 19. Nb6 Rb8 20. Bc4 g5
21. d7 1-0

[Event "Detroit (MI Op/1a/8)"]
[Site "?"]
[Date "1994.??.??"]
[Round "?"]
[White "Brooks, John"]
[Black "Selitsky, B."]
[Result "1-0"]
[WhiteElo "2225"]
[BlackElo "1900"]
[PlyCount "99"]
[EventDate "1994.??.??"]

1. d4 d5 2. c4 e6 3. e3 Nf6 4. a3 a5 5. Nc3 Be7 6. Qa4+ Bd7 7. Qb3 a4 8. Qc2
O-O 9. Nf3 c5 10. dxc5 dxc4 11. Bxc4 Bxc5 12. O-O Qc8 13. Bd3 h6 14. e4 Bc6 15.
Bf4 Nbd7 16. Nb5 Re8 17. Nd6 Bxd6 18. Bxd6 e5 19. Rfe1 Nf8 20. Bxe5 N6d7 21.
Bg3 Ne6 22. Bd6 Qd8 23. Rad1 Rc8 24. Qb1 Qb6 25. Bc2 Qa5 26. b4 axb3 27. Bxb3
Ndc5 28. Bd5 Qxa3 29. Qb6 Qa6 30. Bxc5 Nxc5 31. Qxc5 Ba4 32. Qb4 Bxd1 33. Rxd1
b5 34. Nd4 Qa4 35. Qe1 Rc5 36. Nf5 Qc2 37. Ne3 Qc3 38. Qe2 Qe5 39. g3 Qc7 40.
Kg2 Rc1 41. Qxb5 Rc8 42. Rxc1 Qxc1 43. Qd7 Rf8 44. h4 Qc8 45. Bxf7+ Kh8 46.
Qxc8 Rxc8 47. e5 Rc7 48. e6 g5 49. hxg5 hxg5 50. Nf5 1-0

[Event "Detroit (MEX/4/5)"]
[Site "?"]
[Date "1994.??.??"]
[Round "?"]
[White "Brooks, John"]
[Black "Profit, Brian"]
[Result "1-0"]
[WhiteElo "2245"]
[BlackElo "2050"]
[PlyCount "53"]
[EventDate "1994.??.??"]

{4/(5)} 1. d4 Nf6 2. c4 e6 3. Nc3 c5 4. dxc5 Bxc5 5. a3 b6 6. e4 Bb7 7. f3 O-O
8. b4 Bxg1 9. Rxg1 d5 10. Bg5 h6 11. Bh4 g5 12. Bg3 dxe4 13. Qxd8 Rxd8 14. Nb5
a6 15. Nd6 Bc6 16. h4 Nbd7 17. hxg5 hxg5 18. Be2 Kg7 19. a4 Ra7 20. Bf2 Kf8 21.
a5 Rb8 22. axb6 Nxb6 23. b5 Ba8 24. c5 Nbd5 25. fxe4 Nxe4 26. Nxe4 Nb4 27. c6
1-0

[Event "Detroit (MI Op/7/12)"]
[Site "?"]
[Date "1994.??.??"]
[Round "?"]
[White "Brooks, John"]
[Black "Profit, Brian"]
[Result "1-0"]
[WhiteElo "2225"]
[BlackElo "2070"]
[PlyCount "43"]
[EventDate "1994.??.??"]

{7/(12)} 1. e4 e6 2. d4 d5 3. exd5 exd5 4. Bd3 Bd6 5. h3 Ne7 6. Qf3 Nbc6 7. c3
Be6 8. Ne2 Qd7 9. g4 O-O-O 10. Nf4 Kb8 11. Be3 Bxf4 12. Bxf4 f5 13. g5 Nc8 14.
Nd2 Nd6 15. O-O-O Ne4 16. Nb3 Rde8 17. Qg2 b6 18. Ba6 Qd8 19. a4 Bc8 20. Bb5
Bb7 21. a5 a6 22. axb6 1-0

[Event "Romulus (RVO/3/2)"]
[Site "?"]
[Date "1994.??.??"]
[Round "?"]
[White "Brooks, John"]
[Black "Jarosz, Stan"]
[Result "1/2-1/2"]
[WhiteElo "2225"]
[BlackElo "2095"]
[PlyCount "158"]
[EventDate "1994.??.??"]

{3/(2)} 1. e4 e6 2. d4 d5 3. exd5 exd5 4. Bd3 Bd6 5. h3 Nf6 6. Nf3 O-O 7. O-O
Re8 8. b3 c6 9. c4 Nbd7 10. Nc3 Ne4 11. Qc2 Nxc3 12. Qxc3 Nf6 13. Qc2 Ne4 14.
Re1 Bf5 15. Bb2 Bg6 16. Ne5 Nf6 17. Bxg6 hxg6 18. Re3 c5 19. dxc5 Bxc5 20. Rd3
Qc7 21. Re1 dxc4 22. Qxc4 Bb6 23. Kf1 Rad8 24. Rxd8 Rxd8 25. Rc1 Qxc4+ 26. Nxc4
Bc7 27. Bxf6 gxf6 28. Ke2 Bf4 29. Rc2 Rc8 30. g3 Bh6 31. a4 Bf8 32. Rd2 Rc7 33.
Rd8 Kg7 34. g4 Bb4 35. f4 Be7 36. Rd5 a6 37. f5 g5 38. Kd3 Kf8 39. Kd4 Ke8 40.
a5 Rd7 41. Nb6 Rxd5+ 42. Kxd5 Kd8 43. Kc4 Kc7 44. Nd5+ Kd7 45. Kd4 Bd8 46. Kc5
Bxa5 47. Nxf6+ Ke7 48. Nh5 Bd8 49. Kd5 Kd7 50. Ng3 Be7 51. Ne4 f6 52. Nd2 Ba3
53. Nc4 Bc1 54. Nd6 b6 55. Nc4 b5 56. Na5 Bd2 57. Nc6 a5 58. Na7 a4 59. Nxb5
axb3 60. Na3 b2 61. Kc5 Bf4 62. Nb1 Be5 63. Kc4 Kc6 64. Nd2 Bf4 65. Nb1 Kd6 66.
Kd4 Bc1 67. Na3 Kc6 68. Kc4 Be3 69. Nb1 Bb6 70. Na3 Ba5 71. Nb1 Kd6 72. Kd4
Bb6+ 73. Ke4 Kc5 74. Kd3 Kd5 75. Nc3+ Ke5 76. Kc2 Kd4 77. Na4 Ba5 78. Kxb2 Ke3
79. Nc5 Bc7 1/2-1/2

[Event "Detroit (MI Op/3/11)"]
[Site "?"]
[Date "1994.??.??"]
[Round "?"]
[White "Brooks, John"]
[Black "Golonka, Stan"]
[Result "0-1"]
[WhiteElo "2225"]
[BlackElo "1935"]
[PlyCount "120"]
[EventDate "1994.??.??"]

{3/(11)} 1. d4 c5 2. dxc5 Qa5+ 3. Nc3 e6 4. Bd2 Qxc5 5. e4 d6 6. Be3 Qa5 7. a3
Nf6 8. b4 Qc7 9. Nb5 Qc6 10. f3 a6 11. Nd4 Qc3+ 12. Kf2 Be7 13. Nge2 Qc7 14. c4
O-O 15. Rc1 b6 16. Nc3 Nbd7 17. Be2 Bb7 18. Qb3 Rac8 19. Rhd1 Qb8 20. Kg1 Rfe8
21. Bf2 Bf8 22. Rc2 g6 23. Rcd2 Bh6 24. Rb2 Bg7 25. Rbb1 Qa8 26. Nc2 d5 27.
exd5 exd5 28. Ne3 dxc4 29. Nxc4 Rxe2 30. Nxe2 Bd5 31. Rxd5 Qxd5 32. Nxb6 Nxb6
33. Bxb6 Qb5 34. Qe3 Nd5 35. a4 Qxb6 36. Qxb6 Nxb6 37. a5 Nd5 38. b5 axb5 39.
Rxb5 Nc3 40. Nxc3 Bxc3 41. h4 Ra8 42. h5 Bxa5 43. g4 Bc7 44. Kf2 Bf4 45. Rb4
Ra2+ 46. Kf1 g5 47. h6 Ra6 48. Ke2 Rxh6 49. Rb5 Re6+ 50. Kf2 Kg7 51. Rb3 Kg6
52. Ra3 Rc6 53. Ra2 Rd6 54. Ke2 h5 55. gxh5+ Kxh5 56. Ra8 Rd2+ 57. Ke1 Kh4 58.
Rf8 Kg3 59. Rxf7 Kxf3 60. Rxf4+ gxf4 0-1

[Event "Detroit (MCO/Ch/5/4)"]
[Site "?"]
[Date "1994.??.??"]
[Round "?"]
[White "Brooks, John"]
[Black "Gabbara, Faris"]
[Result "1-0"]
[WhiteElo "2225"]
[BlackElo "2195"]
[PlyCount "53"]
[EventDate "1994.??.??"]

{5/(4)} 1. d4 d5 2. c4 e6 3. Nc3 c5 4. cxd5 exd5 5. dxc5 d4 6. Ne4 Bxc5 7. Nxc5
Qa5+ 8. Bd2 Qxc5 9. Rc1 Qf5 10. Qa4+ Nc6 11. Rxc6 Bd7 12. Qc2 d3 13. Qc3 Bxc6
14. Qxg7 O-O-O 15. Qxh8 Nf6 16. Qg7 Ne4 17. Nf3 Qc5 18. exd3 Nxd2 19. Kxd2
Qxf2+ 20. Be2 Be4 21. Qc3+ Bc6 22. Ne5 Re8 23. Rf1 Qxg2 24. h4 Qh2 25. d4 Re7
26. Qc5 Kd8 27. Qd6+ 1-0

[Event "Detroit (MCO/Ch/3/7)"]
[Site "?"]
[Date "1994.??.??"]
[Round "?"]
[White "Brooks, John"]
[Black "Everett, Morgan"]
[Result "1-0"]
[WhiteElo "2225"]
[BlackElo "2150"]
[PlyCount "121"]
[EventDate "1994.??.??"]

{3/(7)} 1. d4 Nf6 2. c4 c5 3. d5 e6 4. Nc3 exd5 5. Nxd5 Nxd5 6. Qxd5 Nc6 7. Bg5
Qa5+ 8. Bd2 Qc7 9. Bc3 d6 10. e3 Be6 11. Qe4 O-O-O 12. Rd1 Be7 13. Ne2 Rhe8 14.
Nf4 Bf6 15. Qxh7 Bxc3+ 16. bxc3 Ne5 17. Qc2 Kb8 18. Qb3 Qc6 19. Be2 g5 20. Nd5
f5 21. h3 f4 22. exf4 gxf4 23. Nxf4 Bxc4 24. Bxc4 Nxc4+ 25. Kf1 Qe4 26. Nd3
Qe2+ 27. Kg1 Nd2 28. Rxd2 Qxd2 29. c4 Re4 30. Kh2 Rd4 31. Rd1 Qe2 32. Kg1 Rf8
33. Kh2 Rg8 34. Kh1 d5 35. Rb1 b6 36. Nxc5 Qxf2 37. Rg1 dxc4 38. Qb5 Rd1 39.
Nd7+ Kb7 40. Nc5+ Qxc5 41. Qxc5 bxc5 42. Rxd1 Kc6 43. g4 c3 44. Rc1 Kd5 45.
Rxc3 Kd4 46. Rc1 Rc8 47. Kh2 c4 48. Kg3 c3 49. g5 Ke3 50. h4 Kd2 51. Rf1 c2 52.
g6 c1=Q 53. Rxc1 Rxc1 54. Kf4 Kd3 55. h5 Kd4 56. g7 Rf1+ 57. Kg5 Ke5 58. Kg6
Rg1+ 59. Kf7 Rf1+ 60. Ke7 Rg1 61. h6 1-0

[Event "Detroit (MEX/2/9)"]
[Site "?"]
[Date "1994.??.??"]
[Round "?"]
[White "Brooks, John"]
[Black "Avery, Robert W"]
[Result "0-1"]
[WhiteElo "2245"]
[BlackElo "2145"]
[PlyCount "82"]
[EventDate "1994.??.??"]

{2/(9)} 1. d4 Nf6 2. c4 e6 3. Nc3 d5 4. e3 Nbd7 5. Nf3 Be7 6. c5 Ne4 7. Nxe4
dxe4 8. Nd2 f5 9. Bc4 Nf6 10. O-O b6 11. Qa4+ c6 12. cxb6 Qxb6 13. f3 Bd7 14.
Qc2 c5 15. Nb3 cxd4 16. exd4 Rc8 17. Kh1 Qc7 18. Nc5 Bxc5 19. dxc5 Qxc5 20. b3
O-O 21. a4 Rfe8 22. Ba3 Qc7 23. Bb2 exf3 24. gxf3 Kh8 25. Qg2 Bc6 26. Qg5 Qf7
27. Rae1 h6 28. Qh4 Kh7 29. Re2 Nh5 30. Qd4 Qb7 31. Rxe6 Bxf3+ 32. Kg1 Be4 33.
Ba6 Qxb3 34. Bxc8 Rxe6 35. Bxe6 Qxe6 36. Kf2 Qe7 37. Qe5 Qg5 38. Qd4 Nf4 39.
Ke1 Nd3+ 40. Kd1 Qg2 41. Rg1 Bf3# 0-1

[Event "Detroit (MOR/1a/12)"]
[Site "?"]
[Date "1994.??.??"]
[Round "?"]
[White "Brooks, Brion"]
[Black "Vaughn, Gerald"]
[Result "1-0"]
[WhiteElo "1725"]
[BlackElo "1605"]
[PlyCount "62"]
[EventDate "1994.??.??"]

1. d4 d5 2. c4 c6 3. Nc3 Nf6 4. cxd5 cxd5 5. Nf3 Nc6 6. Bf4 a6 7. e3 e6 8. Be2
Be7 9. O-O h6 10. Ne5 Nd7 11. Nd3 Nf6 12. Na4 b6 13. Qb3 b5 14. Nac5 Na5 15.
Qc2 Nc4 16. b3 Nd6 17. a4 bxa4 18. Rxa4 Nfe4 19. Nxe4 Nxe4 20. Bc7 Qd7 21. Ne5
Qxa4 22. bxa4 O-O 23. Bd3 Bb7 24. Rb1 Bc8 25. Bxe4 dxe4 26. Qc6 Ra7 27. Rb8 f6
28. Rxc8 fxe5 29. Qxe6+ Kh7 30. Rxf8 Bxf8 31. Qf5+ Kh8 1-0

[Event "Detroit (MOR/6/4)"]
[Site "?"]
[Date "1994.??.??"]
[Round "?"]
[White "Brooks, Brion"]
[Black "Rosenberg, Steve"]
[Result "0-1"]
[WhiteElo "1725"]
[BlackElo "1770"]
[PlyCount "72"]
[EventDate "1994.??.??"]

{6/(4)} 1. d4 Nf6 2. c4 e5 3. d5 Bc5 4. Nc3 d6 5. Bg5 Bxf2+ 6. Kd2 Bd4 7. Kc1
h6 8. Nb5 hxg5 9. Nxd4 exd4 10. Qxd4 Qe7 11. Nf3 Qe4 12. Qc3 Bg4 13. Nd2 Qe5
14. Qxe5+ dxe5 15. e4 Nbd7 16. h3 Nc5 17. Nf3 Bxf3 18. gxf3 g4 19. b4 Ncd7 20.
Kd2 gxf3 21. Ke3 f2 22. Bg2 b6 23. Kxf2 Nh5 24. Bf3 Nf4 25. Ke3 Rh4 26. Rag1 g6
27. c5 bxc5 28. bxc5 Rb8 29. Rb1 Rxb1 30. Rxb1 Nxc5 31. Rc1 Nfd3 32. Rh1 Kd7
33. Bg4+ Kd6 34. Rf1 Nf4 35. Rxf4 exf4+ 36. Kxf4 Nxe4 0-1

[Event "Detroit (MOR/3/9)"]
[Site "?"]
[Date "1994.??.??"]
[Round "?"]
[White "Brooks, Brion"]
[Black "Marson, Michael"]
[Result "1-0"]
[WhiteElo "1725"]
[BlackElo "1615"]
[PlyCount "68"]
[EventDate "1994.??.??"]

{3/(9)} 1. d4 Nf6 2. c4 e5 3. d5 Bb4+ 4. Bd2 Bxd2+ 5. Nxd2 O-O 6. e4 b6 7. Ne2
c5 8. Nc3 Ba6 9. Be2 d6 10. O-O Nbd7 11. a3 h6 12. Qa4 Bb7 13. Nb5 Qb8 14. b4
a6 15. Nc3 Qd8 16. Qc2 Nh7 17. Na4 Qg5 18. bxc5 bxc5 19. Rab1 Ra7 20. Rb3 f5
21. exf5 Qxf5 22. Qxf5 Rxf5 23. Bg4 Rg5 24. Bxd7 Bxd5 25. Nb6 Bf7 26. Bc6 Nf6
27. Rd3 Be8 28. Rxd6 Bxc6 29. Rxc6 Nd7 30. Nxd7 Rxd7 31. Nf3 Rd3 32. Rxc5 e4
33. Ne5 Rd4 34. a4 Rf5 1-0

[Event "Detroit (MOR/5/13)"]
[Site "?"]
[Date "1994.??.??"]
[Round "?"]
[White "Brooks, Brion"]
[Black "Griffin, John"]
[Result "1-0"]
[WhiteElo "1725"]
[BlackElo "1605"]
[PlyCount "47"]
[EventDate "1994.??.??"]

{5/(13)} 1. d4 Nf6 2. c4 e6 3. Nf3 b6 4. e3 Bb7 5. Bd3 c5 6. O-O d5 7. b3 cxd4
8. exd4 Be7 9. Nc3 O-O 10. Bb2 Nc6 11. Re1 dxc4 12. bxc4 Nb4 13. Rc1 Nxd3 14.
Qxd3 Re8 15. Ne5 a6 16. d5 exd5 17. cxd5 Nxd5 18. Qc4 Nxc3 19. Qxf7+ Kh8 20.
Bxc3 Bf6 21. Qxb7 Bxe5 22. Rxe5 Rc8 23. Rxe8+ Qxe8 24. Qxg7# 1-0

[Event "Flint (MI Coll/2)"]
[Site "?"]
[Date "1994.??.??"]
[Round "?"]
[White "Brewer, M."]
[Black "Skidmore, Jennifer"]
[Result "0-1"]
[WhiteElo "1605"]
[BlackElo "1910"]
[PlyCount "54"]
[EventDate "1994.??.??"]

1. d4 d5 2. e4 dxe4 3. Nc3 Nf6 4. f3 exf3 5. Nxf3 Bg4 6. h3 Bh5 7. g4 Bg6 8.
Be3 e6 9. Bd3 Bb4 10. O-O Nc6 11. Rf2 Bxc3 12. bxc3 Ne4 13. Bxe4 Bxe4 14. Ng5
Bg6 15. Qf1 Qe7 16. Nxe6 fxe6 17. d5 Ne5 18. dxe6 O-O-O 19. Bxa7 Nc6 20. Be3
Rhf8 21. a4 Qh4 22. Kh2 Ne5 23. Qe2 Nxg4+ 24. Kg1 Nxf2 25. Bxf2 Qg5+ 26. Kh2
Rd2 27. e7 Rxf2+ 0-1